| 000 | 00532nam a22001697a 4500 | ||
|---|---|---|---|
| 005 | 20251108174805.0 | ||
| 008 | 250721s2008 xx 000 0 ara d | ||
| 082 | 1 | 4 | _a363.3/عبا |
| 100 | 1 |
_aعباسي، عاطف غالب _eمؤلف |
|
| 245 | 1 | 0 | _aالتحقيق في الحرائق ذات المنشأ الكهربائي / |
| 264 | 1 |
_aعمان : _bدار جليس الزمان، _c2008. |
|
| 300 | _a321 ص. | ||
| 650 | 1 | 7 | _aالحرائق |
| 650 | 1 | 7 | _aالتحقيق الجنائي |
| 942 |
_2ddc _cBK |
||
| 999 |
_c118105 _d118105 |
||